| 000 | 00378cam a2200157 4500 | ||
|---|---|---|---|
| 001 | L130896 | ||
| 002 | 9033 | ||
| 008 | 050914n2005 000 0 eng u | ||
| 020 | _a0415370361 | ||
| 035 | _a(Sirsi) u130896 | ||
| 100 | _aLoangdon, Davis | ||
| 245 | _aSpons landscape and external works price book 2006 | ||
| 260 |
_aSpon Press _c2005 |
||
| 350 | _a90.25 | ||
| 942 | _n0 | ||
| 999 |
_c104599 _d104599 |
||